Normal view MARC view
  • Montesinos Carrera, Rafael

Entry Nombre Personal

Number of records used in: 5

001 - NUMERO DE CONTROL

  • campo de control: 42193

003 - IDENTIFICADOR DE NUMERO DE CONTROL

  • campo de control: UPN

005 - FECHA Y HORA DE LA ÜLTIMA TRANSACCIÓN

  • campo de control: 20210219194616.0

008 - DATOS DE LONGITUD FIJA

  • campo de control de longitud fija: nabaccnnaabn|||||||||| b |nc|||||d

035 ## - NUMERO DE CONTROL

  • Número de control: UPN11000014300

040 ## - FUENTE DE CATALOGACIÓN

  • Lenguaje de catalogación: SPA
  • Agencia de transcripción: UPN

100 1# - ENCABEZAMIENTO - NOMBRE PERSONAL

  • Nombre personal: Montesinos Carrera, Rafael

400 1# - VEÁSE - NOMBRE DE PERSONA

  • Personal name: Montesinos, Rafael

670 ## - FUENTE EN LA QUE SE LOCALIZARON DATOS

  • Cita de la fuente: T
  • Uniform Resource Identifier: https://sites.google.com/site/rafaelmontesinoscarrera/

680 ## - NOTA PUBLICA DE ACCESO PÚBLICO

  • Frase explicativa de la referencia: México. Mtro. en Economía y Política Internacional. Dr. en Ciencias Antropológicas. Actualmente es profesor-investigador de la Universidad Autónoma Metropolitana-Iztapalapa. Miembro del Sistema Nacional de Investigadores, Nivel II.

902 ## - CATALOGADOR

  • Catalogador: EMR/310119